Miglior risultato agli Europei - Quiz n°1 - Statistics

Statistiche generali
  • Questo quiz è stato fatto 27 volte
    12 dall'ultimo reset
  • Il punteggio medio è 8 su 12
Statistiche sulle risposte
Hint Risposta % Corretto
Germania / Germania Ovest Campione
100%
Lettonia Fase a gironi
91%
Danimarca Campione
82%
Grecia Campione
82%
Portogallo Campione
82%
Macedonia del Nord Fase a gironi
82%
Finlandia Fase a gironi
73%
Slovacchia / Cecoslovacchia Campione
64%
Turchia Semifinale
64%
Slovenia Ottavi di finale
55%
Irlanda del Nord Ottavi di finale
55%
Belgio Secondo posto
18%
Nessun quiz corrispondente trovato
Distribuzione punteggi
Percentuale di utenti per punteggio
Percentile per numero di risposta
I tuoi punteggi nel tempo
Non hai fatto questo quiz dall'ultimo reset